• 首页
  • 本馆介绍
  • 公告通知
  • 最新文献
  • 馆藏检索
  • 电子资源
  • 读者荐购
  • 参考咨询
  • CALIS
  • 我的图书馆
  • 登录
  • 详细信息显示
  • 放入我的书架
  • 预约/预借图书
  • 作者相关作品
  • 分类相关作品
  • 丛书相关作品
  • 出版社相关作品

书目信息

  • 表格格式
  • 工作单格式
  • 卡片格式
题名:
内燃机计算燃烧学
    
 
作者: 解茂昭 著
分册:  
出版信息: 大连   大连理工大学出版社  2005.09
页数: 380页
开本: 26cm
丛书名:
单 册:
中图分类: TK4
科图分类:
主题词: 内燃机--nei ran ji--燃烧过程--数值计算
电子资源:
ISBN: 7-5611-1116-9
 
 
 
 
 
000 00855nam0 2200253 450
001 012006434301
005 20060921101216.70
010    @a7-5611-1116-9@dCNY38.00
100    @a20060625d2005 km y0chiy0120 ea
101 0  @achi
102    @aCN@b210000
105    @aa a 000yy
200 1  @a内燃机计算燃烧学@Anei ran ji ji suan ran shao xue@f解茂昭著@Fjie mao zhao zhu
205    @a第2版
210    @a大连@c大连理工大学出版社@d2005.09
215    @a380页@c图@d26cm
305    @a本书第一版于1995年出版
320    @a有书目。
330    @a本书系统地介绍了内燃机计算燃烧学这一新兴学科的结构体系及其基本理论、模型和方法。主要内容包括:导论、燃油喷雾模型、内燃机燃烧与排放模型等。
606 0  @a内燃机@Anei ran ji@x燃烧过程@x数值计算
690    @aTK4@v4
701  0 @a解茂昭@Ajie mao zhao@4著
801  0 @aCN@bQSSK@c20060921
905    @a10447@dTK4@eJ737
    
    内燃机计算燃烧学/解茂昭著.-第2版.-大连:大连理工大学出版社,2005.09
    380页:图;26cm
    
    
    ISBN 7-5611-1116-9:CNY38.00
    本书系统地介绍了内燃机计算燃烧学这一新兴学科的结构体系及其基本理论、模型和方法。主要内容包括:导论、燃油喷雾模型、内燃机燃烧与排放模型等。
●
相关链接 在E读中查询图书 在当当中查询图书 在豆瓣中查询图书


正题名:内燃机计算燃烧学     索取号:TK4/J737         预约/预借

序号 登录号 条形码 馆藏地/架位号 状态 备注
1 591644   205916446   自科二线504/504自科库 39排1列1层/ [索取号:TK4/J737] 在馆    
2 591645   205916455   自科库501/501自科库 136排6列3层/ [索取号:TK4/J737] 在馆    
3 591646   205916464   自科库501/501自科库 136排6列3层/ [索取号:TK4/J737] 在馆    
河南城建学院图书馆 欢迎您!
大连网信软件有限公司© 版权所有